000 00331nam a2200157Ia 4500
003 Ost
005 20260225132547.0
008 260225s9999||||xx |||||||||||||| ||und||
040 _cfsic
041 _afre
082 _a440
100 _aDenie
_eAuteur
245 0 _aElements de pedagogie /
245 0 _cDenie
942 _cكتاب
999 _c33926
_d33926